<?xml version="1.0" encoding="UTF-8"?><?xml-stylesheet type="text/xsl" href="static/style.xsl"?><OAI-PMH xmlns="http://www.openarchives.org/OAI/2.0/" xmlns:xsi="http://www.w3.org/2001/XMLSchema-instance" xsi:schemaLocation="http://www.openarchives.org/OAI/2.0/ http://www.openarchives.org/OAI/2.0/OAI-PMH.xsd"><responseDate>2026-06-02T03:51:39Z</responseDate><request verb="GetRecord" identifier="oai:riuma.uma.es:10630/7832" metadataPrefix="marc">https://riuma.uma.es/rest/oai/request</request><GetRecord><record><header><identifier>oai:riuma.uma.es:10630/7832</identifier><datestamp>2026-02-03T11:58:36Z</datestamp><setSpec>com_10630_2254</setSpec><setSpec>col_10630_37959</setSpec></header><metadata><record xmlns="http://www.loc.gov/MARC21/slim" xmlns:dcterms="http://purl.org/dc/terms/" xmlns:doc="http://www.lyncode.com/xoai" xmlns:xsi="http://www.w3.org/2001/XMLSchema-instance" xsi:schemaLocation="http://www.loc.gov/MARC21/slim http://www.loc.gov/standards/marcxml/schema/MARC21slim.xsd">
   <leader>00925njm 22002777a 4500</leader>
   <datafield ind2=" " ind1=" " tag="042">
      <subfield code="a">dc</subfield>
   </datafield>
   <datafield ind2=" " ind1=" " tag="720">
      <subfield code="a">Cañas-Pendón, Rafael Antonio</subfield>
      <subfield code="e">author</subfield>
   </datafield>
   <datafield ind2=" " ind1=" " tag="720">
      <subfield code="a">Canales, Javier</subfield>
      <subfield code="e">author</subfield>
   </datafield>
   <datafield ind2=" " ind1=" " tag="720">
      <subfield code="a">Muñoz, Carmen</subfield>
      <subfield code="e">author</subfield>
   </datafield>
   <datafield ind2=" " ind1=" " tag="720">
      <subfield code="a">Granados, José M.</subfield>
      <subfield code="e">author</subfield>
   </datafield>
   <datafield ind2=" " ind1=" " tag="720">
      <subfield code="a">Pascual-Moreno, María Belén</subfield>
      <subfield code="e">author</subfield>
   </datafield>
   <datafield ind2=" " ind1=" " tag="720">
      <subfield code="a">Ávila-Sáez, Concepción</subfield>
      <subfield code="e">author</subfield>
   </datafield>
   <datafield ind2=" " ind1=" " tag="720">
      <subfield code="a">García-Martín, María Luisa</subfield>
      <subfield code="e">author</subfield>
   </datafield>
   <datafield ind2=" " ind1=" " tag="720">
      <subfield code="a">Cánovas-Ramos, Francisco Miguel</subfield>
      <subfield code="e">author</subfield>
   </datafield>
   <datafield ind2=" " ind1=" " tag="260">
      <subfield code="c">2014-07-14</subfield>
   </datafield>
   <datafield ind2=" " ind1=" " tag="520">
      <subfield code="a">Aproximaciones metabolómica y transcriptómica a la gestión del&#xd;
metabolismo en las acículas de Pinus pinaster L. Aiton&#xd;
Rafael A. Cañas1, Javier Canales1, Carmen Muñoz2, Jose M. Granados1, Ma Belén&#xd;
Pascual1, Concepción Ávila1, María L. García-Martín2, Francisco M. Cánovas1.&#xd;
1Departamento de Biología Molecular y Bioquímica, Facultad de Ciencias, Instituto Andaluz de&#xd;
Biotecnología, Universidad de Málaga, Campus Universitario de Teatinos s/n, 29071, MÁLAGA.&#xd;
racanas@uma.es&#xd;
2Unidad de Nanoimagen, Centro Andaluz de Nanomedicina y Biotecnología (BIONAND), Parque&#xd;
Tecnológico de Andalucía, C/ Severo Ochoa 35, 29590 Campanillas (MÁLAGA)&#xd;
El pino marítimo (Pinus pinaster L. Aiton) es una conífera de hoja perenne con un ciclo&#xd;
de vida largo y cuyas acículas pueden permanecer activas en el árbol varios años. Las&#xd;
coníferas y, en concreto, P. pinaster son especies modelo en el contexto de la&#xd;
producción de madera o de la síntesis de los flavonoides y terpenoides, componentes de&#xd;
la resina. A pesar de ello, el metabolismo y la biología molecular de las hojas (acículas)&#xd;
de las coníferas han sido escasamente estudiados por lo que las relaciones entre los&#xd;
tejidos productores o fuentes y los tejidos consumidores o sumideros no son bien&#xd;
conocidas en este grupo de plantas. En este trabajo nos proponemos el estudio de las&#xd;
acículas desde dos aproximaciones distintas: la metabolómica y la transcriptómica. Para&#xd;
ello se han obtenido muestras de acículas de P. pinaster en condiciones naturales a lo&#xd;
largo de un año completo separando las acículas por su edad. El estudio metabolómico&#xd;
se ha desarrollado mediante H1-NMR para lo que se ha desarrollado una librería de&#xd;
espectros de referencia de 70 metabolitos diferentes. Para el estudio transcriptómico se&#xd;
ha empleado un microarray de cDNA con 8.000 puntos de hibridación (PINARRAY2) y&#xd;
que ha sido desarrollado por nuestro grupo de investigación. Para el estudio de los datos&#xd;
obtenidos se ha empleado un análisis de redes de co-expresión (WGCNA).</subfield>
   </datafield>
   <datafield ind1="8" ind2=" " tag="024">
      <subfield code="a">http://hdl.handle.net/10630/7832</subfield>
   </datafield>
   <datafield tag="653" ind2=" " ind1=" ">
      <subfield code="a">Pino - Metabolismo</subfield>
   </datafield>
   <datafield ind2="0" ind1="0" tag="245">
      <subfield code="a">Aproximaciones metabolómica y transcriptómica a la gestión del metabolismo en las acículas de Pinus pinaster L. aiton</subfield>
   </datafield>
</record>
</metadata></record></GetRecord></OAI-PMH>